New York Giants 2022-23 Full Roster - Statistics

General Stats
  • This quiz has been taken 40 times
    26 since last reset
  • The average score is 29 of 68
Answer Stats
Position # Player % Correct
QB 8 Daniel Jones
100%
TE 82 Daniel Bellinger
95%
WR 86 Darius Slayton
95%
RB 26 Saquon Barkley
95%
QB 2 Tyrod Taylor
95%
QB 15 Tommy Devito
90%
DT 97 Dexter Lawrence
86%
WR 13 Jalin Hyatt
86%
T 78 Andrew Thomas
81%
TE 12 Darren Waller
81%
T 73 Evan Neal
81%
K 9 Graham Gano
81%
RB 20 Eric Gray
76%
WR 3 Sterling Shepard
76%
CB 33 Aaron Robinson
71%
DT 91 A'Shawn Robinson
71%
WR 18 Isaiah Hodgins
71%
WR 17 Wan'Dale Robinson
71%
RB 31 Matt Breida
67%
CB 22 Adoree Jackson
62%
RB 35 Deon Jackson
62%
TE 84 Tyree Jackson
62%
LB 58 Bobby Okereke
57%
LB 5 Kayvon Thibodeaux
57%
S 29 Xavier McKinney
57%
CB 25 Deonte Banks
52%
WR 0 Parris Campbell
52%
P 6 Jamie Gillan
48%
LB 41 Micah McFadden
48%
RB 23 Gary Brightwell
43%
C 61 John Michael Schmitz
43%
DE 99 Leonard Williams
43%
LB 51 Azeez Ojulari
38%
S 27 Jason Pinnock
38%
TE 83 Lawrence Cager
38%
CB 28 Cor'Dale Flott
33%
S 24 Dane Belton
33%
CB 44 Nick McCloud
33%
CB 30 Darnay Holmes
29%
DT 98 D.J. Davidson
29%
LB 55 Jihad Ward
29%
DT 93 Rakeem Nunez-Roches
29%
G 75 Joshua Ezeudu
24%
G 64 Mark Glowinski
24%
G 68 Ben Bredeson
19%
LS 59 Casey Kreiter
19%
WR 80 Gunner Olszewski
14%
DT 95 Jordon Riley
14%
K 21 Mason Crosby
14%
LB 49 Tomon Fox
14%
S 21 Bobby McCain
10%
LB 45 Boogie Basham
10%
LB 47 Cam Brown
10%
LB 52 Carter Coughlin
10%
S 31 Gervarrius Owens
10%
T 70 Korey Cunningham
10%
G 60 Marcus McKethan
10%
T 74 Matt Peart
10%
K 46 Randy Bullock
10%
CB 37 Tre Hawkins III
10%
LB 48 Benton Whitley
5%
LB 43 Darrian Beavers
5%
G 62 Jalen Mayfield
5%
RB 25 Jashaun Corbin
5%
LB 53 Oshane Ximines
5%
G 66 Shane Lemieux
5%
T 79 Tyre Phillips
5%
G 65 Sean Harlow
0%
No matching quizzes found
Score Distribution
Percent of People with Each Score
Percentile by Number Answered
Your Score History
You have not taken this quiz since the last reset